Statistics for Former Country Capitals

Click here to take the quiz!

General Stats

  • This quiz has been taken 6 times
  • The average score is 10 of 15

Answer Stats

QuestionAnswer% Correct
GermanyBonn
100%
PolandCracow
100%
United States of AmericaPhiladelphia
100%
RussiaSt. Petersburg
100%
SpainToledo
100%
ItalyTurin
100%
AustraliaMelbourne
67%
EgyptMemphis
67%
PortugalRio de Janeiro
67%
SwedenUppsala
67%
TurkeyBursa
33%
JapanNagaoka-kyō
33%
DenmarkRoskilde
33%
BrazilSalvador
33%
CanadaToronto
33%

Score Distribution

Percentile by Number Answered

Percent of People with Each Score

Your Score History

You have not taken this quiz